000 01474nam a2200349Ia 4500
001 ebr10738659
003 CaPaEBR
006 m o u
007 cr cn|||||||||
008 130205s2013 nyu sb 001 0 eng d
010 _z 2013004908
020 _z9780801451966 (cloth : alk. paper)
020 _z9780801469626
040 _aCaPaEBR
_cCaPaEBR
035 _a(OCoLC)855955067
050 1 4 _aE183.8.A7
_bS36 2013eb
082 0 4 _a327.73082
_223
100 1 _aSchmidli, William Michael,
_d1979-
245 1 4 _aThe fate of freedom elsewhere
_h[electronic resource] :
_bhuman rights and U.S. Cold War policy toward Argentina /
_cWilliam Michael Schmidli.
260 _aIthaca, NY :
_bCornell University Press,
_c2013.
300 _axiv, 256 p.
504 _aIncludes bibliographical references and index.
533 _aElectronic reproduction.
_bPalo Alto, Calif. :
_cebrary,
_d2013.
_nAvailable via World Wide Web.
_nAccess may be limited to ebrary affiliated libraries.
650 0 _aHuman rights
_zArgentina.
650 0 _aHuman rights
_xGovernment policy
_zUnited States.
651 0 _aUnited States
_xForeign relations
_zArgentina.
651 0 _aArgentina
_xForeign relations
_zUnited States.
651 0 _aUnited States
_xForeign relations
_y1945-1989.
655 7 _aElectronic books.
_2local
710 2 _aebrary, Inc.
856 4 0 _uhttp://site.ebrary.com/lib/rucke/Doc?id=10738659
_zAn electronic book accessible through the World Wide Web; click to view
999 _c36373
_d36373